000 01205nam a2200253Ia 4500
999 _c54725
_d54725
001 21792
003 GE_BSU
005 20220414171147.0
008 181216s2015||||ge |||||||||||||| ||geo||
020 _a9789941946271
040 _cGE_BSU
041 _ageo
080 _a821.133.1-31 კ-20
100 _aკამიუ, ალბერ
_93087
245 _aბედნიერი სიკვდილი :
_bრომანი /
_cალბერ კამიუ ; ფრანგულიდან თარგმნა გიორგი ეკიზაშვილმა ; რედაქტორი თამარ ხოსრუაშვილი ; ყდის დიზაინი ნინო ხოსრუაშვილი.
264 _aთბილისი :
_bაგორა,
_c2015.
300 _a230 გვ. ;
_c17 სმ.
541 _h3 ლ.
653 _aბედნიერი სიკვდილი
653 _aრომანი
700 _aეკიზაშვილმა, გიორგი
_eმთარგმნელი
_913682
700 _aხოსრუაშვილი, თამარ
_eრედაქტორი
_97121
942 _cBK
_2udc